00721pab a2200133 454500008004000000100001900040245007300059260000900132300001300141362001100154520036500165650002300530773003400553180718b2014 xxu||||| |||| 00| 0 eng d aBhardwaj, Atul aAdmiral D K Joshi's resignation more a policy issue than procurement c2014 ap.12-15. a22 Mar aThe resignation of the chief of naval staff has failed to halt the series of gas-leak episodes in the Indian Navy. An important lesson from Admiral Joshi's resignation is that India's security and civil-military equation is linked not just to the speed of arms procurement, but also to the ironing out of differences on the maritime policy front. - Reproduced. aMarine engineering aEconomic and Political Weekly